ბათუმის შოთა რუსთაველის სახელმწიფო უნივერსიტეტის ბიბლიოთეკა

"ილიადა" და ეგეოსური მოსახლეობის ისტორიისა და ეთნოგენეზის საკითხები / (ბიბ.ჩანაწერი № 60394)

000 -ლიდერი
ფიქსირებული სიგრძის საკონტროლო ველი 01193nam a22001937a 4500
003 - საკონტროლო ნომრის იდენტიფიკატორი
საკონტროლო ველი Ge_BSU
005 - ბოლო ოპერაციის თარიღი და დრო
საკონტროლო ველი 20230711145259.0
008 - ფიქსირებული სიგრძის მონაცემთა ელემენტები - ზოგადი ინფორმაცია
ფიქსირებული სიგრძის საკონტროლო ველი 230711s1970ge xxu||||| |||| 00| 0 geo d
041 ## - ენის კოდი
Language code of text/sound track or separate title geo
080 ## - უნივერსალური ათობითი კლასიფიკაციის ინდექსი
Universal Decimal Classification number 821.14'01.09 გ-70
100 ## - მთავარი ჩანაწერი - პიროვნების სახელი
Personal name გორდეზიანი, რისმაგ, ავტორი
9 (RLIN) 19086
245 ## - ცნობა სათაურის შესახებ
Title "ილიადა" და ეგეოსური მოსახლეობის ისტორიისა და ეთნოგენეზის საკითხები /
Statement of responsibility, etc რისმაგ გორდეზიანი.
264 ## - წარმოების, გამოცემის, დისტრიბუციის და სხვა ცნობები
გამოცემის, წარმოების, დისტრიბუციის... ადგილი თბილისი :
გამოცემის, წარმოების, დისტრიბუციის... სახელწოდება თბილ. უნ-ტის გამ-ბა,
გამოცემის, წარმოების, დისტრიბუციის... თარიღი 1970.
300 ## - ფიზიკური აღწერა
Extent 310 გვ. ;
Other physical details 22 სმ.
504 ## - BIBLIOGRAPHY, ETC. NOTE
Bibliography, etc ბიბლიოგრაფია: გვ. 264-277.
520 ## - SUMMARY, ETC.
Summary, etc რეზუმე რუსულ და გერმანულ ენებზე.
653 ## - INDEX TERM--UNCONTROLLED
Uncontrolled term ძველი ბერძნული ლიტერატურის ისტორია და კრიტიკა. ძველი საბერძნეთის ისტორია. ძველი ბერძნების ეთნოგენეზი.
942 ## - ADDED ENTRY ELEMENTS (KOHA)
Source of classification or shelving scheme
Koha item type წიგნი
ეგზემპლარები
ჩამოწერის სტატუსი დაკარგული ეგზემპლარის სტატუსი კლასიფიკაციის წყარო ან თაროზე გაწყობის სქემა დაზიანების სტატუსი არ გაიცემა მუდმივი მდებარეობა (დაცვის ადგილი) ამჟამინდელი ადგილსამყოფელი თაროზე განთავსების ადგილი შეძენის თარიღი ღირებულება, შესყიდვის ნორმალური ფასი სრული შენახვის შიფრი შტრიხკოდი ბოლო ოპერაციის თარიღი ეგზემპლარის მიმდევრობითი ნომერი (კეტერი?) Uniform Resource Identifier ფასის ძალაში შესვლის თარიღი ეგზემპლარის სახეობა საჯარო შენიშვნა
          ბათუმის შოთა რუსთაველის სახელმწიფო უნივერსიტეტის მთავარი ბიბლიოთეკა ბათუმის შოთა რუსთაველის სახელმწიფო უნივერსიტეტის მთავარი ბიბლიოთეკა წიგნსაცავი 2023-07-11 8.00 821.14'01.09 გ-70 64932 2023-07-11 64932 ბსუ-ს საპატიო დოქტორის გურამ ლორთქიფანიძის საჩუქარი 2023-07-11 წიგნი 8.00